Právnický slovník anglicko-český, česko-anglický
Saved in:
| Format: | Book |
|---|---|
| Language: | English Czech |
| Published: |
Brno
Lingea
2008
|
| Subjects: | |
| Tags: |
No Tags, Be the first to tag this record!
|
MARC
| LEADER | 00000nlm a2200000 4500 | ||
|---|---|---|---|
| 001 | 0179112 | ||
| 005 | 20221205124748.1 | ||
| 041 | 0 | |a eng | |
| 041 | 0 | |a cze | |
| 044 | |a CZ | ||
| 245 | 1 | 0 | |a Právnický slovník |b anglicko-český, česko-anglický |
| 264 | 1 | |a Brno |b Lingea |c 2008 | |
| 300 | |a CD-ROM | ||
| 610 | 2 | 0 | |a právo |
| 610 | 2 | 0 | |a legislatíva |
| 610 | 2 | 0 | |a terminológia |
| 610 | 2 | 0 | |a jazykoveda |
| 610 | 2 | 0 | |a jazyky cudzie |